03536 2200181 4500001002100000005001500021035002000036008003900056245013100095100002200226260006100248300002400309084001800333520295600351082000803307650001903315990002003334INLIS00000000000540220250815095924 a0010-0825000175250815 | | | 1 aAnalisis Dimensi Experiential Marketing Terhadap Kesetiaan Pelanggan Pada Martabak Kota Raja Di Tenggarong /cLina Ayu Ningsih aNingsih, Lina Ayu aTenggarong :bFEBIS-Universitas Kutai Kartanegara,c2023 a86 hlm. ;c21x30 cm a658 NIN A C.1 aLina Ayu Ningsih, 2023, "Analisis Dimensi Experiential Marketing Terhadap Kesetiaan Pelanggan Pada Martabak Kota Raja Di Tenggarong" Skripsi Fakultas Ekonomi dan Bisnis Universitas Kutai Kartanegara. bimbingan Bapak Mawardi, SE, MM, dan Bapak H. Fahmi, SE, M.Si.
Tujuan dari penelitian ini adalah untuk mengetahui pengaruh variabel sense (panca indera), feel (perasaan), think (cara berpikir), act (kebiasaan) dan relate (pertalian) terhadap kesetiaan pelanggan Martabak Kota Raja di Tenggarong
Penelitian ini menggunakan data kuantitatif yang didapat dari data kuisioner. Jumlah sampel penelitian sebanyak 90 orang dengan metode pengambilan dengan cara random sampling. Alat analisis menggunakan analisis regresi berganda dan uji hipotesis menggunakan uji F dan uji t.
Variabel sense (panca indera) memiliki pengaruh positif terhadap kesetiaan pelanggan pada Martabak Kota Raja di Tenggarong. Kemampuan variabel ini menjelaskan kesetiaan pelanggan sebesar 36,6%. Berdasarkan uji t (t test) ternyata variabel sense (panca indera) berpengaruh secara parsial terhadap kesetiaan pelanggan (t hitung > t tabel) atau 3,896 > 1,662. Sehingga hipotesis pertama diterima.
Variabel feel (perasaan) memiliki pengaruh positif terhadap kesetiaan pelanggan pada Martabak Kota Raja di Tenggarong. Kemampuan variabel ini menjelaskan kesetiaan pelanggan sebesar 40%. Berdasarkan uji t (t test) ternyata variabel feel (perasaan) berpengaruh secara parsial terhadap kesetiaan pelanggan (t hitung > t tabel) atau 3,525 > 1,662. Sehingga hipotesis kedua diterima.
Variabel think (cara berpikir) memiliki pengaruh positif terhadap kesetiaan pelanggan pada Martabak Kota Raja di Tenggarong. Kemampuan variabel ini menjelaskan kesetiaan pelanggan sebesar 48,3%. Berdasarkan uji t (t test) ternyata variabel think (cara berpikir) berpengaruh secara parsial terhadap kesetiaan pelanggan (t hitung > t tabel) atau 1,977 > 1,662. Sehingga hipotesis ketiga diterima.
Variabel act (kebiasaan) memiliki pengaruh positif terhadap kesetiaan pelanggan pada Martabak Kota Raja di Tenggarong. Kemampuan variabel ini menjelaskan loyalitas nasabah sebesar 49,9%. Berdasarkan uji t (t test) ternyata variabel act (kebiasaan) berpengaruh secara parsial terhadap kesetiaan pelanggan (t hitung > t tabel) atau 3,991 > 1,662. Sehingga hipotesis keempat diterima.
Variabel relate (pertalian) memiliki pengaruh positif terhadap kesetiaan pelanggan pada Martabak Kota Raja di Tenggarong. Kemampuan variabel ini menjelaskan kesetiaan pelanggan sebesar 53,7%. Berdasarkan uji t (t test) ternyata variabel relate (pertalian) berpengaruh secara parsial terhadap kesetiaan pelanggan (t hitung > 1 tabel) atau 3,611 1,662. Sehingga hipotesis kelima diterima
Berdasarkan tabel correlation menunjukkan bahwa variabel relate (pertalian) mempunyai pengaruh yang paling dominan terhadap kesetiaan pelanggan pada Martabak Kota Raja di Tenggarong yakni sebesar 53,7%
 a658 4aManajemen Umum a250813110008667